|
|
|
|
| LEADER |
01087naa a2200241 i 4500 |
| 001 |
acta82698 |
| 005 |
20231213151832.0 |
| 008 |
231213s2023 hu o 1|| hun d |
| 040 |
|
|
|a SZTE Egyetemi Kiadványok Repozitórium
|b hun
|
| 041 |
|
|
|a hun
|
| 100 |
1 |
|
|a Vojtek Lili
|
| 245 |
1 |
0 |
|a Ismertem egyszer egy kis leányt - magyar és német leánynevelő regények a XX. század elején
|h [elektronikus dokumentum] :
|b [absztrakt] /
|c Vojtek Lili
|
| 260 |
|
|
|c 2023
|
| 300 |
|
|
|a 125
|
| 490 |
0 |
|
|a Móra Kárpát-medencei Interdiszciplináris Szakkollégiumi Konferencia
|v 7
|
| 650 |
|
4 |
|a Bölcsészettudományok
|
| 650 |
|
4 |
|a Nyelvek és irodalom
|
| 695 |
|
|
|a Magyar irodalom története - könyvismertetés - előadáskivonat, Német irodalom története - könyvismertetés - előadáskivonat
|
| 700 |
0 |
1 |
|a Tutsek Anna
|
| 700 |
0 |
1 |
|a Nast Clara
|
| 700 |
0 |
1 |
|a Theuermeister Kathe
|
| 711 |
|
|
|a VII. Móra Kárpát-medencei Interdiszciplináris Szakkollégiumi Konferencia
|c Szeged
|d 2023. november 17-19.
|
| 856 |
4 |
0 |
|u http://acta.bibl.u-szeged.hu/82698/1/morakonf_2023_125.pdf
|z Dokumentum-elérés
|